US state capitals over 100k population - Sudden Death - Statistics

General Stats
  • This quiz has been taken 66 times
  • The average score is 8 of 15
Answers on the Grid
Answers color-coded by a green-red scale on the quiz's grid according to % correct below.
Bismarck
Augusta
Sacramento
Santa Fe
Indianapolis
Harrisburg
Lincoln
Olympia
Topeka
Atlanta
Frankfort
Honolulu
Helena
Hartford
Denver
Annapolis
Pierre
Phoenix
Cheyenne
Carson City
Dover
Columbia
Charleston
Des Moines
Concord
Little Rock
Raleigh
Boise
Jefferson City
Salem
 
Answer Stats
Answer % Correct
Sacramento
86%
Atlanta
79%
Denver
79%
Honolulu
71%
Indianapolis
71%
Phoenix
71%
Lincoln
64%
Des Moines
50%
Raleigh
50%
Hartford
36%
Little Rock
36%
Topeka
36%
Boise
29%
Columbia
21%
Salem
7%
No matching quizzes found
Score Distribution
Percent of People with Each Score
Percentile by Number Answered
Your Score History
You have not taken this quiz